000
00316cam a2200133ua 4500
003
OSt
008
210805b ||||| |||| 00| 0 eng d
082
_a
323.44
_b
PRE/WH
245
_a
When men are free
260
_a
Boston :
_b
Columbia university ,
_c
1955.
300
_a
167 ; .
500
_a
**Reference
942
_c
BK
999
_c
3820
_d
3820